| 000 | 00382pab a2200145 454500 | ||
|---|---|---|---|
| 008 | 180718b1985 xxu||||| |||| 00| 0 eng d | ||
| 100 | _aRajadhyaksha, N.D | ||
| 245 | _aPresent day developments in Indian local government | ||
| 260 | _c1985 | ||
| 300 | _a75-81 | ||
| 362 | _aSpring | ||
| 650 | _aLocal Government - India | ||
| 773 | _aPlanning and Administration | ||
| 909 | _a12747 | ||
| 999 |
_c12747 _d12747 |
||